000 01652cam a2200133 4500500
005 20260329023208.0
041 _afre
042 _adc
100 1 0 _aScheid-Tissinier, Évelyne
_eauthor
245 0 0 _aLes origines de la cité grecque : Homère et son temps
260 _bArmand Colin,
_c2017.
520 _aLes IXe et VIIIe siècles av. J.-C. constituent une période décisive, dite Géométrique, de l’histoire du monde grec antique. Ils ont vu l’émergence de la cité-État, forme politique originale, porteuse de mutations essentielles pour son histoire et sa culture. À cette même époque, les Grecs explorent le pourtour de la Méditerranée et commencent à coloniser certains sites. Or, les seuls documents littéraires contemporains dont nous disposons sont les poèmes d’Homère (l’Iliade, l’Odyssée) et d’Hésiode (La Théogonie, Les travaux et les jours). Ces textes, les plus anciens de la littérature grecque, dont est proposée ici une analyse précise, constituent des témoignages majeurs de l’histoire de la culture grecque antique. Ils révèlent les fondements des sociétés grecques et laissent voir un ensemble de valeurs, de comportements et de pratiques communautaires destinés à forger de manière durable l’identité du citoyen grec. Ils permettent également de souligner l’interaction entre poésie et réalité historique : le héros homérique comme le paysan hésiodique sont à la base de la vision que les Grecs ont d’eux-mêmes et du monde qui les entoure.
856 4 1 _uhttps://shs.cairn.info/les-origines-de-la-cite-grecque--9782200619435?lang=fr&redirect-ssocas=7080
999 _c1925405
_d1925405